Traitors Quiz - Statistics

General Stats
  • This quiz has been taken 34 times
  • The average score is 27 of 65
Answer Stats
Hint Answer % Correct
Winner Cirie
74%
Winner Dylan
68%
Winner CT
63%
Banished Episode 11 Danielle
63%
Winner Dolores
63%
Murdered Episode 2 Dorinda
63%
Winner Gabby
63%
Winner Ivar
63%
Runnerup Andie
58%
Quit Episode 10 Arie
58%
Murdered Episode 10 Tom
58%
Winner Trishelle
58%
Banished Episode 11 Britney
53%
Banished Episode 9 Carolyn
53%
Banished Episode 6 Dan
53%
Banished Episode 11 Kate
53%
Banished Episode 8 Parvati
53%
Banished Episode 7 Rob
53%
Murdered Episode 2 Johnny Bananas
47%
Banished Episode 10 Kate
47%
Banished Episode 11 MJ
47%
Banished Episode 10 Phaedra
47%
Runnerup Quentin
47%
Banished Episode 8 Rachel
47%
Murdered Episode 2 Reza
47%
Banished Episode 4 Bob the Drag Queen
42%
Murdered Episode 7 Derrick
42%
Murdered Episode 4 Jeremy
42%
Banished Episode 11 Sandra
42%
Banished Episode 3 Tony
42%
Banished Episode 2 Wells
42%
Quit Episode 5 Amanda
37%
Murdered Episode 3 Ayan
37%
Banished Episode 3 Brandi
37%
Banished Episode 9 Christian
37%
Banished Episode 6 Cody
37%
Quit Episode 4 Deontay
37%
Murdered Episode 4 Ekin-Su
37%
Banished Episode 5 Nikki
37%
Banished Episode 2 Peppermint
37%
Murdered Episode 8 Chrishelle
32%
Banished Episode 2 Geraldine
32%
Banished Episode 5 Janelle
32%
Banished Episode 5 Kyle
32%
Banished Episode 4 Larsa
32%
Banished Episode 3 Maks
32%
Banished Episode 4 Michael
32%
Banished Episode 10 Peter
32%
Murdered Episode 5 Robyn
32%
Murdered Episode 5 Ryan
32%
Banished Episode 7 Shelbe
32%
Murdered Episode 11 Sheree
32%
Murdered Episode 9 Stephenie
32%
Banished Episode 6 Wes
32%
Murdered Episode 3 Bam
26%
Murdered Episode 8 Bergie
26%
Banished Episode 8 Ciara
26%
Murdered Episode 3 Marcus
26%
Murdered Episode 9 Sam
26%
Murdered Episode 7 Anjelica
21%
Murdered Episode 4 Azra
21%
Murdered Episode 6 Bob Harper
21%
Murdered Episode 9 Kevin
21%
Murdered Episode 5 Tamra
21%
Murdered Episode 10 John
16%
No matching quizzes found
Score Distribution
Percent of People with Each Score
Percentile by Number Answered
Your Score History
You have not taken this quiz